| 000 | 00541nmm a2200181Ia 4500 | ||
|---|---|---|---|
| 008 | 251105s9999||||xx |||||||||||||||||und|| | ||
| 020 | _a9788431520304 | ||
| 041 | _aspa | ||
| 100 | _aVisconti, Mara | ||
| 245 | 0 | _aCómo hacer, decorar y vestir las muñecas | |
| 264 |
_a[Madrid, España] : _bDe Vecchi, _c[Fecha de publicación no identificada] |
||
| 300 | _a0 páginas | ||
| 650 | _aTravel & Sports | ||
| 700 | _aVisconti, Mara | ||
| 700 | 1 | _a Rizzi, Alina | |
| 856 | _uhttps://public.digitaliapublishing.com/a/123492 | ||
| 942 | _cCF | ||
| 999 |
_c72459 _d72459 |
||